000 00734cab a22001935a 4500
001 L157189
008 120917e20120831xxk 000 0 eng d
035 _a(Sirsi) u157189
041 0 _aeng
100 1 _aRawlinson, Simon
245 0 0 _aProcurement
_bregulated utilities
260 _c2012
490 _aBuilding
_v277 (8742) 31 August 2012, 46-50(5)
520 _aWith £60bn of construction spending due to be procured by regulated utilities looks at the correct procurement strategy. Examines the cost efficiency and wider performance challenge, the effective delivery of key business outcomes and the typical procurement options.
590 _aKA
651 4 _aUnited Kingdom
_y
690 _aProcurement
_96260
942 _n0
999 _c84288
_d84288